| 000 | 00488nam a2200181Ia 4500 | ||
|---|---|---|---|
| 005 | 20250326144935.0 | ||
| 008 | 250326s9999 xx 000 0 und d | ||
| 037 | _aTextbook | ||
| 040 |
_aFMSL _beng _cFMSL |
||
| 041 |
_aeng _2eng |
||
| 084 |
_aX:8D N8 _qFMSL |
||
| 100 | _aMithani D M | ||
| 245 | 0 |
_aModern public fice: thoery and practice _cMithani D M |
|
| 260 |
_aDelhi _bDelhi, Himalaya _c1998 |
||
| 300 | _a478p | ||
| 942 |
_cTB _hX:8D N8 |
||
| 999 |
_c1305716 _d1305716 |
||